LZC RPZ - Statistiques

Statistiques générales
  • Ce quiz a été pris 23 fois
  • Le résultat moyen est 31 sur 61
Statistiques - réponses
Hint Réponse % Correct
Qui s'est fait recal du Bunny's 5 fois sur 5 tentatives? Arthaud
93%
Qui s'est déjà fait kidnappé? Arthur
93%
Combien de round Mastachibre a infligé à la pauvre Taupiac? 6
87%
Qui refuse ses balleneuves? Maxence
87%
Quelle est la taille du sexe d'Arthaud en km? 0,00025
80%
Combien de points de suture Gregouze a t'il sur l'avant bras? 11
80%
Quel est le nombre maximum d'amendes reçues par Maxence en une seule fois? 3
80%
Qui a gagné la bataille des colocs pour la bâche LZC? L'Appartouze
80%
Quel fleuve traverse Strasbourg selon Yannick? La Seine
80%
Qui a déjà lâché une crotte dans la chambre de son colocataire? Maxence
80%
Quel personnage de film d'animations est comparable à Hebrardinho? Motomoto
80%
Qu'a fait Barto pour prouver sa valeur? Pisser dans le cul
80%
Quel est le record de doigts dans le nez de Jules ? 4
73%
Quel numéro d'appart est le plus emblématique de la MIA2? 601
73%
Combien de temps a survécu Chiotte? (en mois) 8
73%
Combien de LZC ont déjà perdu leur NNN? tous
73%
Quel est l'objet responsable du logo Nike sur le front de Yannick? Verre en verre
73%
Qui est arrivé avec des points partout sur la tête en projet un jeudi matin? Yannick
73%
Quel est le nombre de branlettes consécutives par le détenteur du record j'ai nommé Arthur Di Fabio? 7
67%
Qui a préféré dormir avec son colocataire plutôt qu'avec la fille avec qu'il a pratiqué le coït juste avant? Barto
67%
Quel objet a été subtilisé au Next par le petit lutin? Plexiglas
67%
Combien ont couté au total les bouquets que Petit Lutin a offert à son ex? 105€
60%
Combien de temps a survécu Johnny? (en mois) 13
60%
Combien de fois les LZC se sont ils rendus à l'hôpital en état d'ébriété? 4
60%
La voiture de qui s'est fait emplafonnée lors d'un week-end de débauche ? Arthur
60%
A quel personnage d'animation Etienne est-il comparable? Baby Boss
60%
A combien Rabibinks est-il raciste sur 10? Nazi
60%
Quel rôle a joué Yannick lors du premier match de rugby auxquels les LZC sont venus? Arbitre de touche
53%
Qui est l'auteur de en détente-tente-tente ? Barto
53%
Quelle chanson a été crée par les LZC ? Le caca c'est trop bon
53%
Comment Valentin appelle Anaïs lorsqu'elle ne lui obéit pas ? Listeuse
53%
Qui est le GOAAT de MPP? Valou
53%
Combien de meufs ont partagé la bouche de plusieurs LZC? 16
47%
Quelle promotion Emma a-t-elle appelé lors d'un pourrissage? Adolf Hitler
47%
Qui sont les deux amis de Bartolomé? Fanny Maret et sa cyprine
47%
Qui a servi un vomi aux pâtes au mur du Studio Saglio? Greg
47%
Qui a préféré vomir au milieu de son appartement plutôt que dans une bassine? Rabilloud
47%
Quelle est la date d'anniversaire de la Grotte? 8 octobre
40%
Extension ah gars: qui s'est chié dessus à Dax ? Jean banane
40%
Qui est le plus gros harceleur des LZC? Valou
40%
Quel objet a tué la souris de la grotte? Chaussure de sécurité
33%
Qui est passé avant Ulysse de la StarAc? Mastachibre
33%
Quel est le type de proie préférée de Etienne le chasseur? Pouletos
33%
Pourquoi MaxouPrime n'est pas rentré avec Jo? Pour clubber
33%
Qu'est ce qui est particulièrement gros chez Rabilloud? Sa couille
33%
Combien d'argent Etienne a-t-il dépensé dans Hay-day (tout cela pour être seulement niveau 10)? 1.19€
27%
A quelle célébrité appartenait le short de Yannick aux fêtes de Dax? John Cena
27%
Qu'a crié Yannick au mégaphone en plein TD de Gérard? Maxence boulot
27%
Sur quelle musique Rabilloud, Valou et le lutin sont ils rentrés en oral de design? Rocky
27%
Combien de crises d'asthmes monsieur lutin a-t-il infligé à sa conquête de Clermont-ferrand? 51
20%
Et quel était son retard en minutes avec son acolyte au grand nez? 60
20%
Quelle est la particularité de Mme Pectangle (la soeur de hebrard)? Cavu khéné
20%
Quelle célébration a effectué le jeune Naprout face à l'insatiable Baptiste Billaud? Drop the mic
20%
Quel est le péché mignon de Valentin au lit? Se faire titiller le baltrou
20%
Ou se trouvait Yannick selon Guivarch le matin de la rentrée? Dans l'espace
13%
Quelle activité ont fait les LZC avec le clochard de la kfet? Danses fortnite
13%
Quelle animal imite le mieux le lutin en TP de Coulon? Mante religieuse
13%
Quelle loi avons nous appris en CE1 selon Barto? Ne pas faire caca sur les tables
13%
Quelle était sa réaction sous sa douche ensuite? Rigoler comme un con
13%
Quelle était la tactique développée par le génie de la sègue cité précédemment pour rebander facilement? Agiter sa bite entre ses 2 doigts
7%
Pour quelle raison Yannick s'est il retrouvé au premier rang en TD d'Andrieu? L'ensemble de son oeuvre
7%
Aucun quiz correspondant
Distribution des résultats
% des personnes avec chaque résultat
Percentile par nombre de réponses
Votre historique - résultats
Vous n’avez pas pris ce quiz